| 000 | 00663cam a2200217 a 4500 | ||
|---|---|---|---|
| 999 |
_c20098 _d20098 |
||
| 005 | 20180803170443.0 | ||
| 008 | 960215s1995 nyua b 001 0 eng | ||
| 020 | _a0716720094 | ||
| 040 |
_aDLC _cDLC _dVET _dMYG _dCO-BO-IAvH |
||
| 041 | _aeng | ||
| 082 | 0 | 0 |
_a572.3 _bS92b |
| 100 | 1 |
_aStryer, Lubert _eautor |
|
| 245 | 1 | 0 |
_aBiochemistry / _cLubert Stryer |
| 250 | _aCuarta edición | ||
| 260 |
_aNew York : _bW.H. Freeman, _c1995. |
||
| 300 |
_axxxiv, 1064 p. : _balgunas ilustraciones a color _c29 cm. |
||
| 504 | _aIncluye referencias bibliográficas e índice | ||
| 650 | 0 | _aBiochemistry. | |
| 650 | 0 | _aBioquímica | |
| 942 |
_2ddc _cLIBRO |
||